000 00779nam a2200205Ii 4500
003 JO-AjNU
008 230605s9999||||xx |||||||||||||| ||und||
040 _aJO-AjNU
_bara
_erda
_cJO-AjNU
041 _aara
050 1 4 _aBP166.2 2010
100 3 _aالسجلماسي، أبي العباس أحمد بن مبارك ؛ دراسة وتحقيق مولاي الحسين بن الحسن الحيان,
_eauthor
_943715
245 0 0 _aرد التشديد في مسألة التقليد
250 _aط1
264 3 1 _aالكويت: وزارة الاوقاف والشؤون الاسلامية، 2010
300 _a121ص
336 _atext
_btxt
_2rdacontent
337 _aunmediated
_bn
_2rdamedia
338 _avolume
_bnc
_2rdacarrier
650 4 _aالاسلام- توحيد
_943716
999 _aA18813
_c22381
_d22381